000 00724nam a2200253 i 4500
001 bgj
245 0 0 _aThe World Book Learning Library.
_nVol. 3,
_pMemory Skills /
_cpublished by World Book, Inc.
260 _aChicago :
_bWorld Book, Inc.,
_cc. 1986.
300 _a127 pp ;
_c24 cm.
505 _aIncludes index.
650 9 _aEnglish language
_xMemory skills
650 9 _aEnglish language
_xStudy and Teaching
650 9 _aLanguage art
650 9 _aStudy skills
710 p 0 _aWorld Book, Inc.
_aChicago
020 _a0716631849
020 _a0716631849
040 _cBPK
041 0 _aeng
920 _a0-7166-3184-9
920 _a0-7166-3184-9
942 _cKS
008 s uk f |000 0 eng
999 _c47645
_d47645
856 _uhttp://koha.tu.koszalin.pl/cgi-bin/koha/opac-detail.pl?biblionumber=47645
_yKatalog online BPK